000 00342nam a2200145 i 4500
001 bg
100 1 _aPIOTROWSKI, Witold
245 0 _aOkrętowe kotły parowe /
_cWitold Piotrowski.
250 _aWyd.2 skrócone.
260 _aGdańsk,
_c1978.
040 _cBPK
041 _apol
942 _cKS
008 s pl f |000 0 pol
999 _c9880
_d9880
856 _uhttp://koha.tu.koszalin.pl/cgi-bin/koha/opac-detail.pl?biblionumber=9880
_yKatalog online BPK